| 000 | 00473pab a2200193 454500 | ||
|---|---|---|---|
| 008 | 180718b2008 xxu||||| |||| 00| 0 eng d | ||
| 100 | _aBattaglini, Marco | ||
| 245 | _aA dynamic theory of public spending, taxation, and debt | ||
| 260 | _c2008 | ||
| 300 | _ap.201-36. | ||
| 362 | _aMar | ||
| 650 | _aDebt | ||
| 650 | _aTaxation | ||
| 650 | _aPublic expenditure | ||
| 700 | _aCoate, Stephen | ||
| 773 | _aAmerican Economic Review | ||
| 908 | _aN | ||
| 909 | _a77935 | ||
| 999 |
_c77935 _d77935 |
||